Conduttori Striscia la notizia - Statistics

Statistiche generali
  • Questo quiz è stato fatto 189 volte
  • Il punteggio medio è 15 su 74
Statistiche sulle risposte
N. Edizioni Conduttore % Corretto
33 Ezio Greggio
96%
12 Gerry Scotti
96%
17 Michelle Hunziker
94%
28 Enzo Iacchetti
91%
17 Salvo Ficarra
84%
17 Valentino Picone
83%
1 Mauro Iacchetti
68%
4 Paolo Bonolis
55%
2 Sergio Friscia
51%
5 Luca Laurenti
45%
2 Maria De Filippi
32%
1 Vanessa Incontrada
32%
1 Alessandro Siani
30%
1 Roberto Lipari
29%
2 Belen Rodriguez
27%
1 Claudio Bisio
25%
1 Gianfranco D'Angelo
25%
1 Elisabetta Canalis
24%
1 Mike Bongiorno
24%
3 Francesca Manzini
23%
2 Raffaele Pisu
21%
3 Gene Gnocchi
18%
1 Mara Venier
18%
1 Massimo Boldi
18%
1 Christian De Sica
17%
1 Gino Bartali
16%
1 Maddalena Corvaglia
16%
2 Ric
16%
3 Sergio Vastano
14%
1 Silvia Toffanin
14%
1 Teo Teocoli
14%
1 Virginia Raffaele
14%
2 Gabibbo
13%
1 Giorgio Faletti
13%
3 Signora Coriandoli
13%
1 Alba Parietti
12%
1 Nino Frassica
12%
1 Paolo Villaggio
11%
1 Valeria Graci
11%
1 Pino Insegno
10%
3 Tullio Solenghi
10%
1 Claudio Lippi
9%
1 Massimo Lopez
9%
1 Luca Bizzarri
9%
1 Cristiano Militello
8%
2 Lello Arena
8%
2 Leonardo Pieraccioni
8%
1 Paolo Kessisoglu
8%
3 Piero Chiambretti
8%
1 Anna Maria Barbera
7%
1 Emilio Fede
7%
1 Gaspare
7%
1 Loredana Lecciso
7%
1 Flavia Vento
6%
1 Gigi D'Alessio
6%
1 Zuzzurro
6%
1 Dario Ballantini
5%
1 Diletta Leotta
5%
2 Franco Neri
5%
1 Lando Buzzanca
5%
1 Leo Gullotta
5%
1 Mino Reitano
5%
1 Sasà Salvaggio
5%
1 Alessandro Benvenuti
4%
1 Beppe Braida
4%
1 Francesco Facchinetti
4%
1 Franco Oppini
4%
1 Garrison Rochelle
4%
1 Giobbe Covatta
4%
1 Massimo Ceccherini
4%
1 Maurizio Battista
4%
1 Pino Campagna
4%
1 Gianni Fantoni
3%
1 Kledi Kadiu
3%
Nessun quiz corrispondente trovato
Distribuzione punteggi
Percentuale di utenti per punteggio
Percentile per numero di risposta
I tuoi punteggi nel tempo
Non hai fatto questo quiz